LEADER 01274nam 2200373Ia 450 001 996390192003316 005 20221108064012.0 035 $a(CKB)1000000000654671 035 $a(EEBO)2248517377 035 $a(OCoLC)09471294 035 $a(EXLCZ)991000000000654671 100 $a19830502d1647 uy | 101 0 $aeng 135 $aurbn||||a|bb| 200 10$aTo the Right Honorable the Committee of Estates$b[electronic resource] $ethe humble remonstrance of the commissioners of the Generall Assembly met at Edinburgh the l3 of October, 1647 210 $aLondon $cRe-printed for Robert Bostock$d1647 215 $a8 p 300 $aSigned: A. Ker. 300 $aOriginally published: Edinburgh : For Evan Tylar. 300 $aReproduction of original in the Harvard University Library. 330 $aeebo-0062 606 $aPresbyterianism 607 $aScotland$xChurch history$y17th century 607 $aGreat Britain$xHistory$yCivil War, 1642-1649 615 0$aPresbyterianism. 701 $aKer$b A$01001307 712 02$aScotland.$bParliament. 801 0$bEEU 801 1$bEEU 801 2$bWaOLN 906 $aBOOK 912 $a996390192003316 996 $aTo the Right Honorable the Committee of Estates$92349233 997 $aUNISA